Nuevas fronteras de la narrativa uruguaya (1960-1993) /

Guardat en:
Dades bibliogràfiques
Autor principal: Ainsa Amigues, Fernando, 1937-
Format: Desconegut
Idioma:Spanish
Publicat: Uruguay : Ediciones Trilce, 1993.
Matèries:
Etiquetes: Afegir etiqueta
Sense etiquetes, Sigues el primer a etiquetar aquest registre!

MARC

LEADER 000000000a22000000004500
001 002925
020 |a 9974320682 
041 0 |a spa 
082 0 4 |a 863   |b A296n 
100 1 |a Ainsa Amigues, Fernando,   |d 1937- 
245 1 0 |a Nuevas fronteras de la narrativa uruguaya (1960-1993) /   |c Fernando Ainsa Amigues. 
260 1 |a Uruguay :   |b Ediciones Trilce,   |c 1993. 
300 |a 151 páginas ;   |c 21 cm. 
650 4 |a LITERATURA URUGUAYA 
650 4 |a CUENTOS 
650 4 |a SIGLO XX 
650 4 |a HISTORIA Y CRITICA 
999 |c 9255  |d 9255 
942 |c BK  |h 863 A296n  |2 z